Types the Months in 15 seconds - Statistics

General Stats
  • This quiz has been taken 2,346 times
  • The average score is 7 of 12
Answer Stats
Answer % Correct
January
100%
February
85%
March
82%
April
79%
May
77%
June
73%
July
69%
August
58%
September
44%
October
35%
November
25%
December
19%
No matching quizzes found
Score Distribution
Percent of People with Each Score
Percentile by Number Answered
Your Score History
You have not taken this quiz